01175nas a2200277 4500001001000000003000900010005001700019007000300036008003400039040005400073041000900127072000800136100001800144100002000162245015300182246016500335650001900500650001000519650001600529650001500545773011100560909004000671942001800711999001900729952014900748BR9200725BR-BrBNA20231205092310.0ta230509b bl.|||p| |||| 00| 00por d aBR-BrBNAbporcBiblioteca Nacional de Agricultura a(Pt) aH101 aMagrini, E.A.1 aBotelho, P.S.M.1 aParasitismo por Trichogramma galloi (Hymenoptera, Trichogrammatidae)em ovos de Diatraea saccharalis (Lepidoptera, Pyralidae)sobre diferentes plantas1 aTrichogramma galloi (Hymenoptera, Trichogrammatidae)parasitism on Diatraea saccharalis (Lepidoptera, Pyralidae)eggs reared on different on different host plants aCANA DE ACUCAR aBROCA aHIMENOPTERO aHOSPEDEIRO0 tAnais da Sociedade Entomologica do Brasil (Brazil)xISSN 0301-8059g(1991), v. 20(1) p. 109-117wBR9200725 a202311bLúciac55dLúcia Elande 2AGRISn0cANA c130753d130753 002AGRIS4071a41918b41918cPeriódicos Agrícolash(1991), v. 20(1) p. 109-117l0r2023-11-29t01yCRePortaria Interministerial nº 164/94